[Event "Rowy Seniors-ch 15th"]
[Site "Rowy"]
[Date "2009.09.11"]
[Round "4"]
[White "Drozd, Ryszard"]
[Black "Olejarczyk, Bogdan"]
[Result "1-0"]
[WhiteElo "2267"]
[BlackElo "2143"]
[PlyCount "55"]
[EventDate "2009.09.08"]
[EventType "swiss"]
[EventRounds "9"]
[EventCountry "POL"]
[SourceTitle "EXT 2010"]
[Source "ChessBase"]
[SourceDate "2010.11.25"]
[SourceVersion "1"]
[SourceVersionDate "2010.11.25"]
[SourceQuality "1"]

1. d4 d5 2. c4 c6 3. Nc3 Nf6 4. Nf3 dxc4 5. e3 Bf5 6. Bxc4 e6 7. Qe2 Bb4 8. 0-0 0-0 9. e4 Bg4 10. e5 Nd5 11. Ne4 Nd7 12. Bd3 h6 13. Ng3 f5 14. exf6 Qxf6 15. Qe4 Bf5 16. Nxf5 exf5 17. Qe2 Rae8 18. Qc2 g5 19. Bd2 Bd6 20. Rae1 Rxe1 21. Rxe1 g4 22. Ne5 Nxe5 23. dxe5 Bxe5 24. Bc4 Kh7 25. Bxd5 cxd5 26. Qb3 b6 27. g3 Qd6 28. Bb4 1-0

[Event "Rowy Seniors-ch 15th"]
[Site "Rowy"]
[Date "2009.09.10"]
[Round "3"]
[White "Szczepaniec, Stanislaw"]
[Black "Drozd, Ryszard"]
[Result "0-1"]
[WhiteElo "2104"]
[BlackElo "2267"]
[PlyCount "62"]
[EventDate "2009.09.08"]
[EventType "swiss"]
[EventRounds "9"]
[EventCountry "POL"]
[SourceTitle "EXT 2010"]
[Source "ChessBase"]
[SourceDate "2010.11.25"]
[SourceVersion "1"]
[SourceVersionDate "2010.11.25"]
[SourceQuality "1"]

1. c4 g6 2. Nc3 Bg7 3. d4 Nf6 4. e4 d6 5. Be2 0-0 6. Bg5 h6 7. Be3 c6 8. Qd2 Kh7 9. Rd1 Qc7 10. h4 e5 11. h5 g5 12. d5 Qa5 13. f3 Rd8 14. g4 Na6 15. Nh3 cxd5 16. cxd5 Bd7 17. Bxg5 hxg5 18. Nxg5+ Kg8 19. Nxf7 Kxf7 20. g5 Nxh5 21. Rxh5 Rh8 22. f4 exf4 23. Qxf4+ Ke7 24. Qh4 Rxh5 25. Bxh5 Rf8 26. Rd2 Qb6 27. Kd1 Nb4 28. g6+ Ke8 29. Re2 Qd4+ 30. Kc1 Rf1+ 31. Re1 Qe3+ 0-1

[Event "Rowy Seniors-ch 15th"]
[Site "Rowy"]
[Date "2009.09.09"]
[Round "2"]
[White "Drozd, Ryszard"]
[Black "Zarow, Zdzislaw"]
[Result "1-0"]
[WhiteElo "2267"]
[BlackElo "2016"]
[PlyCount "87"]
[EventDate "2009.09.08"]
[EventType "swiss"]
[EventRounds "9"]
[EventCountry "POL"]
[SourceTitle "EXT 2010"]
[Source "ChessBase"]
[SourceDate "2010.11.25"]
[SourceVersion "1"]
[SourceVersionDate "2010.11.25"]
[SourceQuality "1"]

1. d4 Nf6 2. c4 e6 3. Nc3 d5 4. Bg5 Be7 5. e3 c6 6. Nf3 Nbd7 7. Qc2 a6 8. Bd3 b5 9. b3 Qa5 10. 0-0 Bb7 11. e4 Bb4 12. Bd2 Bxc3 13. Bxc3 Qc7 14. e5 dxc4 15. bxc4 Nh5 16. Bb4 c5 17. cxb5 axb5 18. Bxb5 Bxf3 19. gxf3 0-0 20. Bxd7 Qxd7 21. Bxc5 Rfc8 22. Qe4 Ra4 23. Rfc1 Qd8 24. Be7 Qd7 25. Rxc8+ Qxc8 26. Bc5 f5 27. exf6 Nxf6 28. Qe5 Kf7 29. a3 Qb7 30. Kg2 h6 31. Rc1 g5 32. Bb4 Ra7 33. Bd6 Nd5 34. Qe4 Nf4+ 35. Bxf4 Qxe4 36. fxe4 gxf4 37. Rc3 Kf6 38. Kf3 Ra4 39. Rd3 Kg5 40. h4+ Kxh4 41. Kxf4 h5 42. Ke5 Ra6 43. d5 exd5 44. exd5 1-0

[Event "POL-chT 2nd League"]
[Site "Wysowa"]
[Date "2007.09.08"]
[Round "6"]
[White "Drozd, Ryszard"]
[Black "Gralka, Julian"]
[Result "1/2-1/2"]
[WhiteElo "2226"]
[BlackElo "2278"]
[PlyCount "36"]
[EventDate "2007.09.03"]
[EventType "team-swiss"]
[EventRounds "9"]
[EventCountry "POL"]
[SourceTitle "EXT 2010"]
[Source "ChessBase"]
[SourceDate "2010.11.25"]
[SourceVersion "1"]
[SourceVersionDate "2010.11.25"]
[SourceQuality "1"]
[WhiteTeam "Szopienice HetMaN"]
[BlackTeam "Bydgoszcz Chemik"]
[WhiteTeamCountry "POL"]
[BlackTeamCountry "POL"]

1. d4 Nf6 2. c4 e6 3. Nf3 d5 4. Nc3 Bb4 5. Bg5 Nbd7 6. cxd5 exd5 7. e3 0-0 8. Bd3 c5 9. 0-0 Qa5 10. Qc2 c4 11. Bf5 g6 12. Bh3 Re8 13. a3 Bxc3 14. bxc3 Ne4 15. Rfc1 Nb6 16. Bxc8 Raxc8 17. a4 Nd7 18. Rab1 Qc7 1/2-1/2

[Event "POL-ch disabled"]
[Site "Chotowa"]
[Date "2007.05.27"]
[Round "2.2"]
[White "Olszewski, Jerzy"]
[Black "Drozd, Ryszard"]
[Result "0-1"]
[WhiteElo "1946"]
[BlackElo "2212"]
[PlyCount "83"]
[EventDate "2007.05.26"]
[EventType "swiss"]
[EventRounds "9"]
[EventCountry "POL"]
[SourceTitle "EXT 2023"]
[Source "ChessBase"]
[SourceDate "2022.10.05"]
[SourceVersion "1"]
[SourceVersionDate "2022.10.05"]
[SourceQuality "1"]

1. e4 c5 2. g3 Nc6 3. Bg2 g6 4. Ne2 Bg7 5. 0-0 e6 6. c4 Nge7 7. Nbc3 0-0 8. d3 a6 9. Be3 Nd4 10. Qd2 b5 11. cxb5 axb5 12. Bxd4 cxd4 13. Nxb5 Qb6 14. Na3 d5 15. Rfb1 Bb7 16. f3 Ra4 17. Nc2 dxe4 18. fxe4 Rfa8 19. a3 Nc6 20. Rf1 Ba6 21. Kh1 Qb3 22. Rfd1 Rd8 23. Ne1 Ne5 24. Nc1 Qb6 25. h3 Bb7 26. Ne2 f5 27. exf5 gxf5 28. Nf4 Bh6 29. Qe2 Bxf4 30. gxf4 Ng6 31. Qf2 Ra7 32. Rd2 Qd6 33. Bxb7 Rxb7 34. Ng2 Rb3 35. Rc1 Qd5 36. Rc4 Rxd3 37. Rxd3 Qxc4 38. Qd2 Qd5 39. Kh2 Qe4 40. a4 e5 41. Rg3 Kh8 42. fxe5 0-1

[Event "POL-chT3 Liga Slaska"]
[Site "Poland"]
[Date "2007.05.13"]
[Round "9"]
[White "Stanisz, Patryk"]
[Black "Drozd, Ryszard"]
[Result "0-1"]
[WhiteElo "2178"]
[BlackElo "2212"]
[PlyCount "110"]
[EventDate "2007.01.28"]
[EventType "team-swiss"]
[EventRounds "9"]
[EventCountry "POL"]
[SourceTitle "EXT 2011"]
[Source "ChessBase"]
[SourceDate "2010.11.26"]
[SourceVersion "1"]
[SourceVersionDate "2010.11.26"]
[SourceQuality "1"]
[WhiteTeam "Mikolow AKS"]
[BlackTeam "Szopienice HetMaN"]
[WhiteTeamCountry "POL"]
[BlackTeamCountry "POL"]

1. d4 c5 2. d5 b5 3. e4 a6 4. c4 bxc4 5. Bxc4 d6 6. Nc3 g6 7. Nge2 Nf6 8. a4 Bg7 9. a5 0-0 10. 0-0 Nbd7 11. f4 Rb8 12. Qd3 Qc7 13. h3 Re8 14. Ra2 Bb7 15. g4 h6 16. Ng3 Kh7 17. b3 e6 18. Qf3 exd5 19. exd5 Re7 20. h4 Kg8 21. h5 Rbe8 22. hxg6 fxg6 23. Qd3 Nf8 24. g5 hxg5 25. f5 N6d7 26. Bxg5 Bd4+ 27. Kg2 Re3 28. Bxe3 Rxe3 29. Qd2 Rxc3 30. fxg6 Nxg6 31. Qg5 Nde5 32. Re2 Qg7 33. Kh1 Ne7 34. Qxg7+ Kxg7 35. Ne4 Rh3+ 36. Rh2 Rxh2+ 37. Kxh2 Ng4+ 38. Kh1 Nxd5 39. Nxd6 Bc6 40. Nf5+ Kg6 41. Nxd4 cxd4 42. Bxd5 Bxd5+ 43. Kg1 Bxb3 44. Rb1 Bc4 45. Kg2 Kf5 46. Rb2 Ne5 47. Rb1 d3 48. Kf2 Ke4 49. Ke1 Ke3 50. Rb2 d2+ 51. Kd1 Be2+ 52. Kc2 d1Q+ 53. Kc3 Qd4+ 54. Kb3 Bc4+ 55. Ka4 Bb5+ 0-1

[Event "POL-chT3 Liga Slaska"]
[Site "Poland"]
[Date "2007.03.18"]
[Round "5"]
[White "Mulet, Piotr"]
[Black "Drozd, Ryszard"]
[Result "1-0"]
[WhiteElo "2264"]
[BlackElo "2212"]
[PlyCount "85"]
[EventDate "2007.01.28"]
[EventType "team-swiss"]
[EventRounds "9"]
[EventCountry "POL"]
[SourceTitle "EXT 2011"]
[Source "ChessBase"]
[SourceDate "2010.11.26"]
[SourceVersion "1"]
[SourceVersionDate "2010.11.26"]
[SourceQuality "1"]
[WhiteTeam "Pszczyna PSSz"]
[BlackTeam "Szopienice HetMaN"]
[WhiteTeamCountry "POL"]
[BlackTeamCountry "POL"]

1. e4 c5 2. c3 Nc6 3. d4 b6 4. d5 Na5 5. e5 g6 6. Nf3 Bg7 7. Bf4 d6 8. Be2 dxe5 9. Nxe5 Nf6 10. Bb5+ Kf8 11. d6 exd6 12. 0-0 Bb7 13. Nd7+ Nxd7 14. Qxd6+ Qe7 15. Bxd7 Qxd6 16. Bxd6+ Kg8 17. Na3 Rd8 18. Rfe1 Bf6 19. Be7 Bxe7 20. Rxe7 Bd5 21. Bb5 Ra8 22. Rd7 Be6 23. Rc7 a6 24. Be2 Rc8 25. Rxc8+ Bxc8 26. b4 Nc6 27. bxc5 bxc5 28. Rb1 Kg7 29. Rb6 Ne5 30. f4 Nd7 31. Rc6 Re8 32. Bg4 f5 33. Bf3 Nf6 34. Rc7+ Kh6 35. Nc4 Be6 36. Rxc5 Rb8 37. Ne5 Rb1+ 38. Kf2 Rb2+ 39. Ke3 Rxa2 40. Rc6 Nd5+ 41. Kd4 Rd2+ 42. Kc5 Nxf4 43. Rxa6 1-0

[Event "POL-chT 2nd League"]
[Site "Lublin"]
[Date "2006.09.10"]
[Round "9.21"]
[White "Drozd, Ryszard"]
[Black "Janocha, Wieslaw Adam"]
[Result "0-1"]
[WhiteElo "2253"]
[BlackElo "2282"]
[PlyCount "64"]
[EventDate "2006.09.02"]
[EventType "team-swiss"]
[EventRounds "9"]
[EventCountry "POL"]
[SourceTitle "EXT 2019"]
[Source "ChessBase"]
[SourceDate "2018.10.10"]
[SourceVersion "1"]
[SourceVersionDate "2018.10.10"]
[SourceQuality "1"]
[WhiteTeam "Szopienice HetMaN II"]
[BlackTeam "Legnica Miedz"]
[WhiteTeamCountry "POL"]
[BlackTeamCountry "POL"]

1. d4 d5 2. c4 c6 3. Nc3 Nf6 4. Nf3 dxc4 5. a4 Bf5 6. e3 e6 7. Bxc4 Bb4 8. 0-0 Nbd7 9. Qe2 Bg6 10. Rd1 a5 11. Bd3 Qe7 12. e4 h6 13. h3 0-0 14. Bf4 Nh5 15. Bh2 f5 16. e5 Nb6 17. Ne1 Be8 18. g4 fxg4 19. Qe4 g5 20. Qxg4 Nf4 21. Ne4 Nbd5 22. Bxf4 Rxf4 23. Qe2 Rh4 24. Ng2 Bh5 25. f3 Rxh3 26. Rf1 Rf8 27. Ne1 Bxe1 28. Qxe1 Bxf3 29. Ng3 Ne3 30. Qxe3 Rxg3+ 31. Kf2 Rg2+ 32. Ke1 Qb4+ 0-1

[Event "POL-chT 2nd League"]
[Site "Lublin"]
[Date "2006.09.07"]
[Round "6.3"]
[White "Drozd, Ryszard"]
[Black "Karbowiak, Adam"]
[Result "0-1"]
[WhiteElo "2253"]
[BlackElo "2221"]
[PlyCount "34"]
[EventDate "2006.09.02"]
[EventType "team-swiss"]
[EventRounds "9"]
[EventCountry "POL"]
[SourceTitle "EXT 2019"]
[Source "ChessBase"]
[SourceDate "2018.10.10"]
[SourceVersion "1"]
[SourceVersionDate "2018.10.10"]
[SourceQuality "1"]
[WhiteTeam "Szopienice HetMaN II"]
[BlackTeam "Grudziadz Rotmistrz MAT Premium"]
[WhiteTeamCountry "POL"]
[BlackTeamCountry "POL"]

1. d4 Nf6 2. c4 g6 3. Nc3 Bg7 4. e4 d6 5. f3 0-0 6. Be3 c5 7. dxc5 dxc5 8. Qxd8 Rxd8 9. Bxc5 Nc6 10. Nge2 Nd7 11. Be3 Nde5 12. Nf4 Nb4 13. Kf2 Nc2 14. Rd1 Rxd1 15. Nxd1 Nxe3 16. Nxe3 Nc6 17. b3 Nd4 0-1

[Event "POL-chT 2nd League"]
[Site "Lublin"]
[Date "2006.09.05"]
[Round "4.39"]
[White "Drozd, Ryszard"]
[Black "Cajbel, Maciej"]
[Result "0-1"]
[WhiteElo "2253"]
[BlackElo "2168"]
[PlyCount "49"]
[EventDate "2006.09.02"]
[EventType "team-swiss"]
[EventRounds "9"]
[EventCountry "POL"]
[SourceTitle "EXT 2019"]
[Source "ChessBase"]
[SourceDate "2018.10.10"]
[SourceVersion "1"]
[SourceVersionDate "2018.10.10"]
[SourceQuality "1"]
[WhiteTeam "Szopienice HetMaN II"]
[BlackTeam "Wroclaw AZS Politechnika"]
[WhiteTeamCountry "POL"]
[BlackTeamCountry "POL"]

1. d4 Nf6 2. c4 c5 3. d5 e6 4. Nc3 exd5 5. cxd5 d6 6. g3 g6 7. Bg2 Bg7 8. Nf3 0-0 9. 0-0 Re8 10. Nd2 a6 11. a4 Nbd7 12. Qc2 Rb8 13. Nc4 Ne5 14. Na3 Bd7 15. h3 b5 16. axb5 axb5 17. f4 Nh5 18. Ne4 b4 19. Nb1 b3 20. Qc3 Nc6 21. Qd2 Nd4 22. Kh2 f5 23. Nec3 Nc2 24. Ra7 Rb4 25. Qd3 0-1

[Event "POL-chT3"]
[Site "Poland"]
[Date "2002.??.??"]
[Round "?"]
[White "Drozd, Ryszard"]
[Black "Kobylecki, Grzegorz"]
[Result "1-0"]
[WhiteElo "2249"]
[BlackElo "2140"]
[PlyCount "100"]
[EventDate "2002.??.??"]
[EventType "team"]
[EventRounds "9"]
[EventCountry "POL"]
[SourceTitle "EXT 2006"]
[Source "ChessBase"]
[SourceDate "2005.11.24"]
[SourceVersion "1"]
[SourceVersionDate "2005.11.24"]
[SourceQuality "1"]

1. d4 f5 2. c4 Nf6 3. Nc3 g6 4. g3 Bg7 5. Bg2 0-0 6. Nf3 d6 7. 0-0 Qe8 8. Re1 Qf7 9. Qd3 h6 10. e4 fxe4 11. Nxe4 Nc6 12. Nxf6+ Qxf6 13. d5 Ne5 14. Rxe5 dxe5 15. Be3 Bf5 16. Qd2 Be4 17. Ne1 Bxg2 18. Nxg2 Rad8 19. Rf1 Kh7 20. Qa5 e6 21. Qxc7 exd5 22. cxd5 Rf7 23. Qc4 b6 24. Rd1 Rfd7 25. h4 Qf3 26. Rd2 Rxd5 27. Ne1 Qf7 28. h5 gxh5 29. Ng2 Qb7 30. Qe4+ Kg8 31. Nh4 Qf7 32. Rc2 Rd1+ 33. Kg2 Qd5 34. Qxd5+ R1xd5 35. Nf5 Kh7 36. Rc6 e4 37. Nxg7 Kxg7 38. Re6 Rb5 39. b3 Ra5 40. Rxe4 Rxa2 41. Re7+ Kf6 42. Rh7 Rd3 43. Kf3 Rxb3 44. Rxh6+ Kf7 45. Rxh5 a5 46. g4 a4 47. Rh7+ Kg8 48. Ra7 b5 49. Ke4 Rc2 50. g5 a3 1-0

[Event "POL-chT Region"]
[Site "Poland"]
[Date "1999.??.??"]
[Round "?"]
[White "Drozd, Ryszard"]
[Black "Seifert, Henryk"]
[Result "0-1"]
[WhiteElo "2215"]
[BlackElo "2313"]
[PlyCount "126"]
[EventDate "1999.??.??"]
[EventType "team"]
[EventRounds "13"]
[EventCountry "POL"]
[SourceTitle "EXT 2002"]
[Source "ChessBase"]
[SourceDate "2001.11.25"]
[SourceVersion "1"]
[SourceVersionDate "2001.11.25"]
[SourceQuality "1"]

1. d4 d5 2. c4 c6 3. Nf3 e6 4. cxd5 exd5 5. Nc3 Bd6 6. Bg5 Ne7 7. e3 Bf5 8. Bd3 f6 9. Bh4 Qd7 10. Bg3 Bxd3 11. Qxd3 Qf5 12. Qd1 Bxg3 13. hxg3 Nd7 14. b4 a6 15. a4 Nb6 16. 0-0 0-0 17. b5 cxb5 18. axb5 a5 19. Qb3 Kh8 20. Nd2 Rfc8 21. Qa3 Qd7 22. Rfc1 g6 23. Qa2 Nc4 24. Nxc4 Rxc4 25. Na4 Qxb5 26. Rxc4 Qxc4 27. Qxc4 dxc4 28. Nb6 Ra6 29. Nxc4 a4 30. Na3 Nd5 31. Rb1 b6 32. Kf1 Kg7 33. Ke1 Kf7 34. Kd2 f5 35. f3 Ke6 36. e4 fxe4 37. fxe4 Nf6 38. Kd3 Nd7 39. d5+ Ke7 40. Kc4 Ra8 41. Kd4 Rf8 42. e5 Rf2 43. e6 Rd2+ 44. Kc3 Rxg2 45. exd7 Rxg3+ 46. Kb4 Rb3+ 47. Rxb3 axb3 48. Kxb3 h5 49. Nc4 h4 50. Ne5 h3 51. Ng4 Kxd7 52. Kc4 Kd6 53. Kd4 b5 54. Ke4 b4 55. Kf3 b3 56. Ne3 g5 57. Kg3 g4 58. Nd1 Kxd5 59. Nb2 Kd4 60. Nd1 Kd3 61. Nb2+ Kc2 62. Nc4 b2 63. Nxb2 Kxb2 0-1

[Event "POL-chT Region"]
[Site "Poland"]
[Date "1999.??.??"]
[Round "?"]
[White "Drozd, Ryszard"]
[Black "Widera, Jan"]
[Result "1/2-1/2"]
[WhiteElo "2215"]
[BlackElo "2227"]
[PlyCount "83"]
[EventDate "1999.??.??"]
[EventType "team"]
[EventRounds "13"]
[EventCountry "POL"]
[SourceTitle "EXT 2002"]
[Source "ChessBase"]
[SourceDate "2001.11.25"]
[SourceVersion "1"]
[SourceVersionDate "2001.11.25"]
[SourceQuality "1"]

1. Nf3 c5 2. g3 b6 3. Bg2 Bb7 4. 0-0 Nf6 5. c4 g6 6. Nc3 Bg7 7. d4 cxd4 8. Nxd4 Bxg2 9. Kxg2 0-0 10. Bf4 d6 11. Nf3 Qc8 12. b3 Qb7 13. Rc1 Nh5 14. Be3 Nc6 15. Kg1 Rfd8 16. Qd2 Ne5 17. Nxe5 dxe5 18. Qc2 f5 19. Rcd1 Rdc8 20. Qd3 Nf6 21. Nd5 Ne4 22. f3 Nc5 23. Qc2 Ne6 24. Qb2 Kf7 25. a4 Rd8 26. Nc3 Nd4 27. Nb5 Nc6 28. Qc1 a6 29. Nc3 Nd4 30. Rd2 Qc6 31. Rfd1 Rd7 32. Kf2 h6 33. f4 Rad8 34. Nd5 e6 35. Nb4 Qb7 36. fxe5 Bxe5 37. Nc2 Nxc2 38. Qxc2 Rxd2 39. Rxd2 Rxd2 40. Qxd2 g5 41. Kg1 Qc6 42. Qd3 1/2-1/2

[Event "POL-chT Region"]
[Site "Poland"]
[Date "1999.??.??"]
[Round "?"]
[White "Heberla, Bartlomiej"]
[Black "Drozd, Ryszard"]
[Result "1/2-1/2"]
[WhiteElo "2171"]
[BlackElo "2215"]
[PlyCount "93"]
[EventDate "1999.??.??"]
[EventType "team"]
[EventRounds "13"]
[EventCountry "POL"]
[SourceTitle "EXT 2002"]
[Source "ChessBase"]
[SourceDate "2001.11.25"]
[SourceVersion "1"]
[SourceVersionDate "2001.11.25"]
[SourceQuality "1"]

1. e4 c5 2. Nc3 g6 3. d4 Bg7 4. dxc5 Qa5 5. Bd2 Qxc5 6. Nd5 Na6 7. Nf3 e6 8. Bc3 Bxc3+ 9. Nxc3 Nf6 10. Qd2 0-0 11. Bd3 Nb4 12. a3 Nxd3+ 13. cxd3 b6 14. d4 Qc6 15. Qf4 Kg7 16. Ne5 Qb7 17. h4 Nh5 18. Qe3 f5 19. 0-0-0 b5 20. exf5 exf5 21. g4 fxg4 22. Nxg4 d6 23. Qh6+ Kg8 24. Rhg1 b4 25. axb4 Qxb4 26. Rd2 Qa5 27. Ne3 Bf5 28. Nxf5 Rxf5 29. Kc2 Raf8 30. Qe3 Nf4 31. d5 Qc7 32. Ra1 R8f7 33. Qe8+ Kg7 34. Qe4 Re5 35. Qd4 Kh6 36. Kd1 Qe7 37. Ra4 Qxh4 38. Rxa7 Rxa7 39. Qxa7 Nxd5 40. Nxd5 Rxd5 41. Qe3+ Rg5 42. Rd4 Qh1+ 43. Kd2 Kh5 44. Qe2+ Kh6 45. Qe3 Kh5 46. Qe7 Kh6 47. Qe3 1/2-1/2

[Event "POL-chT disctrict"]
[Site "Slask"]
[Date "1996.??.??"]
[Round "?"]
[White "Drozd, Ryszard"]
[Black "Dawidow, Jacek"]
[Result "1/2-1/2"]
[WhiteElo "2240"]
[BlackElo "2370"]
[PlyCount "113"]
[EventDate "1996.??.??"]
[EventType "team"]
[EventRounds "12"]
[EventCountry "POL"]
[SourceTitle "EXT 2001"]
[Source "ChessBase"]
[SourceDate "2000.11.22"]
[SourceVersion "1"]
[SourceVersionDate "2000.11.22"]
[SourceQuality "1"]

1. d4 Nc6 2. d5 Ne5 3. e4 e6 4. f4 Ng6 5. dxe6 dxe6 6. Qxd8+ Kxd8 7. Nf3 Bc5 8. Nc3 Bd7 9. Bd2 Nf6 10. Bd3 Ng4 11. Rf1 Ne3 12. Bxe3 Bxe3 13. g3 f6 14. Rd1 Ke8 15. Bb5 c6 16. Bc4 b5 17. Bd3 e5 18. f5 Ne7 19. Ke2 Bc5 20. g4 Nc8 21. Rd2 Bb4 22. a3 Bxc3 23. bxc3 Nb6 24. Ke3 c5 25. c4 bxc4 26. Be2 Ke7 27. Rfd1 Ba4 28. g5 c3 29. gxf6+ gxf6 30. Rd6 Rad8 31. Re6+ Kf7 32. Rg1 Bd7 33. Rd6 Ke7 34. Rd3 Nc4+ 35. Kf2 Nd6 36. Ke3 Rhg8 37. Rxg8 Rxg8 38. Rxc3 Rg4 39. Nd2 Rh4 40. Rxc5 Rxh2 41. Bd3 h5 42. Ra5 Nc8 43. Nf3 Rh1 44. Kf2 Rc1 45. Nh4 Kd6 46. Ra6+ Bc6 47. Ra5 Kc7 48. Rc5 Kb6 49. Rc3 Nd6 50. Ke3 Bxe4 51. Rb3+ Kc7 52. Rb4 Bxd3 53. cxd3 Rh1 54. Kf3 Rf1+ 55. Ke2 Ra1 56. Ra4 Nb5 57. Ke3 1/2-1/2

[Event "POL-chT disctrict"]
[Site "Slask"]
[Date "1996.??.??"]
[Round "?"]
[White "Kornasiewicz, Stanislaw"]
[Black "Drozd, Ryszard"]
[Result "1-0"]
[WhiteElo "2350"]
[BlackElo "2240"]
[PlyCount "67"]
[EventDate "1996.??.??"]
[EventType "team"]
[EventRounds "12"]
[EventCountry "POL"]
[SourceTitle "EXT 2001"]
[Source "ChessBase"]
[SourceDate "2000.11.22"]
[SourceVersion "1"]
[SourceVersionDate "2000.11.22"]
[SourceQuality "1"]

1. e4 c5 2. Nc3 Nc6 3. g3 g6 4. Bg2 Bg7 5. d3 e6 6. Be3 d6 7. f4 Nge7 8. Nf3 b5 9. Qd2 b4 10. Nd1 a5 11. 0-0 a4 12. a3 Qa5 13. Qf2 0-0 14. g4 Rb8 15. f5 exf5 16. gxf5 gxf5 17. Bf4 fxe4 18. dxe4 Ne5 19. Nxe5 dxe5 20. Be3 Ba6 21. Re1 Rbc8 22. axb4 Qxb4 23. Bd2 Qb5 24. Nc3 Qxb2 25. Rxa4 Bb7 26. Rb1 Qxc2 27. Ra2 Qd3 28. Rxb7 Ng6 29. Nd5 c4 30. Bc3 Bh6 31. Bf1 Qd1 32. Ra1 Qg4+ 33. Qg3 Qe6 34. Bh3 1-0

[Event "POL-chT disctrict"]
[Site "Slask"]
[Date "1996.??.??"]
[Round "?"]
[White "Widera, Jan"]
[Black "Drozd, Ryszard"]
[Result "1/2-1/2"]
[WhiteElo "2185"]
[BlackElo "2240"]
[PlyCount "78"]
[EventDate "1996.??.??"]
[EventType "team"]
[EventRounds "12"]
[EventCountry "POL"]
[SourceTitle "EXT 2001"]
[Source "ChessBase"]
[SourceDate "2000.11.22"]
[SourceVersion "1"]
[SourceVersionDate "2000.11.22"]
[SourceQuality "1"]

1. e4 c5 2. Nf3 d6 3. d4 cxd4 4. Nxd4 Nf6 5. Nc3 a6 6. Bg5 e6 7. f4 Qc7 8. Qf3 Be7 9. 0-0-0 Nbd7 10. g4 h6 11. Bh4 g5 12. fxg5 Ne5 13. Qg3 Nfxg4 14. gxh6 Rxh6 15. Bxe7 Qxe7 16. Be2 Rg6 17. h4 Bd7 18. h5 Rg8 19. Rdg1 0-0-0 20. Nf3 Nf6 21. Qh4 Nxf3 22. Bxf3 Rxg1+ 23. Rxg1 Rh8 24. e5 Nd5 25. Qxe7 Nxe7 26. Ne4 Nf5 27. Nxd6+ Nxd6 28. exd6 f5 29. Rg7 e5 30. Bxb7+ Kxb7 31. Rxd7+ Kc6 32. Rf7 Rxh5 33. d7 Kc7 34. c4 e4 35. b4 e3 36. Kc2 Rh4 37. Rxf5 Rxc4+ 38. Kd3 Rxb4 39. Rd5 Kd8 1/2-1/2